| Tag |
First Indicator |
Second Indicator |
Subfields |
| LEADER |
00000cam a2200000 4500 |
| 001 |
in00000041921 |
| 005 |
20160920142043.0 |
| 008 |
770214s1917 vtuab 00010 engm |
| 010 |
|
|
|a 17016888
|
| 035 |
|
|
|a (OCoLC)02738160
|
| 035 |
|
|
|9 AAE0693AM
|
| 040 |
|
|
|a DLC
|c WLU
|d WLU
|d TXA
|
| 049 |
|
|
|a TXAM
|
| 050 |
0 |
|
|a QE576
|b .W56
|
| 092 |
|
|
|a 557
|b P417w
|
| 100 |
1 |
|
|a Williams, Edward Higginson,
|d 1849-1933.
|
| 245 |
1 |
0 |
|a Pennsylvania glaciation,
|b first phase; materials for a discussion of the attenuated border of the moraine described in volume Z of the Second Geological Survey of Pennsylvania.
|
| 264 |
|
1 |
|a Woodstock, Vt.
|b [publisher not identified],
|c 1917.
|
| 300 |
|
|
|a x, 101 pages including frontispiece (map) illustrations
|c 23 cm
|
| 336 |
|
|
|a text
|b txt
|2 rdacontent
|
| 337 |
|
|
|a unmediated
|b n
|2 rdamedia
|
| 338 |
|
|
|a volume
|b nc
|2 rdacarrier
|
| 650 |
|
0 |
|a Glacial epoch.
|
| 650 |
|
0 |
|a Geology
|z Pennsylvania.
|
| 949 |
|
|
|a updated
|b h
|c 2016/9/20
|e coplinger
|f 2:20:39 pm
|
| 999 |
f |
f |
|s b6e3d72d-3ad2-371d-a4f5-ff9079778faa
|i 0f8ff7dc-4416-350c-a52c-6a1fe7a8b888
|t 0
|
| 952 |
f |
f |
|p storage
|a Texas A&M University
|b J.J. Pickle Campus
|c High Density Repository
|d Remote Storage
|t 0
|e QE576 .W56
|h Library of Congress classification
|i unmediated -- volume
|m A14813720258
|
| 998 |
f |
f |
|a QE576 .W56
|t 0
|l Remote Storage
|